00669nam a22002177a 450000500170000001000110001702000100002803500110003803700160004904000120006508200160007710000160009324501380010926000480024727000270029530000250032250000390034765000140038665000250040070000260042520170124105950.0 a408046 c00.00 a408046 bCen Lib/Ret aDPLbEN a250.33bFOU aFoucher, A. aThe life of the Buddha :cby A.Foucher ; translated by Simone Brangier Boasbaccording to the ancient texts and monuments of India / aMiddletownbWesleyan university pressc1963 aMiddletownbMiddletown axiv, 272p.c21cm(Hb) aIncludes bibliographical reference a Buddhism aBuddha (The concept) aBoas, Simone Brangier